| 000 | 00625nam a2200193 i 4500 | ||
|---|---|---|---|
| 001 | 184619 | ||
| 003 | ES-MaACL | ||
| 005 | 20230906222235.0 | ||
| 008 | 151027s1936 sp |||| | spa d | ||
| 100 | 0 |
_aBayle, Constantino. _926670 |
|
| 245 | 1 | 0 |
_aExpansión misional de España / _cpor Constantino Bayle. |
| 260 |
_aBarcelona : _bLabor, _c1936. |
||
| 300 |
_a241 p. : _b8 lám. ; _c19 cm. |
||
| 490 | 1 |
_aColección pro Ecclesia et Patria ; _v13 |
|
| 650 | 4 |
_aMisiones españolas- _xHistoria. _9158032 |
|
| 830 | 0 |
_aColección pro Ecclesia et Patria ; _v13 _9192193 |
|
| 852 |
_aES-MaACL _jC-29146 |
||
| 999 |
_c184619 _d184619 |
||